000 00997nam a2200289 i 4500
001 57428
003 CO-BoRNBP
005 20250702143832.0
007 ta
008 141031s2011 ck a b 000 0 spa
020 _a9789583003202
040 _aCO-BoRNBP
_bspa
_erda
_cCO-BoRNBP
084 _aT RUI2
100 1 _aRuiz, Clarisa
_d1959-
_960647
245 1 0 _aUna noche en el tejado
_cClarisa Ruiz, Yolanda Reyes ; ilustrado por Pedro Ruiz
250 _aPrimera edición., quinta reimpresión
264 1 _aBogotá
_bPanamericana
_c2011
300 _a63 páginas
_bilustraciones a color
_c21 cm.
336 _atexto
_btxt
_2rdacontent
337 _asin mediación
_bn
_2rdamedia
338 _avolumen
_bnc
_2rdacarrier
521 _aRecomendado para un público infantil mayor de 6 años
650 0 7 _aTeatro infantil colombiano
_ySiglo XX
_2LEMB
_960648
650 0 7 _aLiteratura infantil colombiana
_ySiglo XX
_2LEMB
_9364
650 0 7 _aAnimales en la literatura
_2LEMB
_9853
942 _2loc
_cBKINF
999 _c57428
_d57428